| 000 | 00469nam a2200193Ia 4500 | ||
|---|---|---|---|
| 003 | 0100 | ||
| 008 | 130303s9999 xx 000 0 und d | ||
| 040 | _cARRUPELIB | ||
| 050 | _aT14.H441990 | ||
| 100 | _aHickman, Larry | ||
| 245 | _aJohn Dewey's pragmatic technology | ||
| 260 | _aBloomington IN | ||
| 260 | _bIN UP | ||
| 260 | _C1990 | ||
| 300 | _a234p | ||
| 650 | _bPersonality - Periodicals | ||
| 650 | _cAdjustment (Psychology) - Periodicals | ||
| 942 | 0 | 0 | _01 |
| 999 |
_c20756 _d20756 |
||